Rgveda: (Record no. 1464418)

MARC details
000 -LEADER
fixed length control field 00805 a2200229 4500
005 - DATE AND TIME OF LATEST TRANSACTION
control field 20251215113134.0
008 - FIXED-LENGTH DATA ELEMENTS--GENERAL INFORMATION
fixed length control field 251215b |||||||| |||| 00| 0 eng d
020 ## - INTERNATIONAL STANDARD BOOK NUMBER
International Standard Book Number 9788183155991 (hbk)
037 ## - SOURCE OF ACQUISITION
Terms of availability TB
040 ## - CATALOGING SOURCE
Original cataloging agency CRL
Transcribing agency CRL
041 ## - LANGUAGE CODE
Source of code eng
Language code of text/sound track or separate title eng
084 ## - COLON CLASSIFICATION NUMBER
Classification number Q11:21 R5.1
Assigning agency CRL
100 ## - MAIN ENTRY--PERSONAL NAME
Personal name Oldenberg, Hermann
9 (RLIN) 847129
245 ## - TITLE STATEMENT
Title Rgveda:
Remainder of title text-critical and exegetical notes
260 ## - PUBLICATION, DISTRIBUTION, ETC.
Name of publisher, distributor, etc. New Bharatiya Book Corporation,
Date of publication, distribution, etc. 2025.
Place of publication, distribution, etc. Delhi, India:
300 ## - PHYSICAL DESCRIPTION
Extent Vol. 1 (733p.)
365 ## - TRADE PRICE
Price amount 2000.00
Currency code INR
650 ## - SUBJECT ADDED ENTRY--TOPICAL TERM
Topical term or geographic name entry element Religion
9 (RLIN) 856543
700 ## - ADDED ENTRY--PERSONAL NAME
Personal name Thite, Ganesh Umakant
Relator term translator.
9 (RLIN) 856544
942 ## - ADDED ENTRY ELEMENTS (KOHA)
Koha item type Textbook
Source of classification or shelving scheme Colon Classification (CC)
Suppress in OPAC No
Classification part Q11:21 R5.1
Holdings
Withdrawn status Lost status Source of classification or shelving scheme Damaged status Not for loan Home library Current library Date acquired Source of acquisition Cost, normal purchase price Serial Enumeration / chronology Inventory number Total Checkouts Full call number Barcode Date last seen Cost, replacement price Price effective from Koha item type
    Colon Classification (CC)     Central Library Central Library 2025-11-21 50/ Oriental Book Company 1600.00 Vol. 1 23 & 2025-11-18   Q11:21 R5.1 CL1924574 2025-11-21 2000.00 2025-11-21 Textbook
Copyright @ Delhi University Library System